000 00458nam a2200193Ia 4500
005 20240823050127.0
008 240823s9999||||xx |||||||||||||| ||und||
020 _a978-81-7758-542-1
041 _aENGLISH
082 _A547 Q2
100 _aFinar I L
245 0 _aOrganic Chemistry Volume 1
250 _a6th
260 _c2012
_b"Pearson ,Sing"
500 _aTRANSFERED
650 _aorganic chemistry
_bChemistry
942 _cBK
999 _c216538
_d216538